Kongres ke-V IKAPI-OPS Penerbitan, 21 s/d 27 Februari 1966 di Tjipajung. (Record no. 86857)

MARC details
000 -LEADER
fixed length control field 00820cam a22002411i 4500
001 - CONTROL NUMBER
control field sa 68015999
003 - CONTROL NUMBER IDENTIFIER
control field DLC
005 - DATE AND TIME OF LATEST TRANSACTION
control field 20260227112651.0
008 - FIXED-LENGTH DATA ELEMENTS--GENERAL INFORMATION
fixed length control field 771010s1966 io 000 0 ind
010 ## - LIBRARY OF CONGRESS CONTROL NUMBER
LC control number sa 68015999
035 ## - SYSTEM CONTROL NUMBER
System control number (OCoLC)3329725
040 ## - CATALOGING SOURCE
Original cataloging agency DLC
Transcribing agency NIC
Modifying agency MiU
-- DLC
042 ## - AUTHENTICATION CODE
Authentication code premarc
050 00 - LIBRARY OF CONGRESS CALL NUMBER
Classification number Z460.7
Item number .I38
111 2# - MAIN ENTRY--MEETING NAME
Meeting name or jurisdiction name as entry element Kongres Ikatan Penerbit Indonesia
Number of part/section/meeting (5th :
Date of meeting or treaty signing 1966 :
Location of meeting Tjipajung, Indonesia)
245 00 - TITLE STATEMENT
Title Kongres ke-V IKAPI-OPS Penerbitan, 21 s/d 27 Februari 1966 di Tjipajung.
260 ## - PUBLICATION, DISTRIBUTION, ETC.
Place of publication, distribution, etc. Djakarta :
Name of publisher, distributor, etc. Panitya Kongres ke-V,
Date of publication, distribution, etc. [1966]
300 ## - PHYSICAL DESCRIPTION
Extent 2 v. ;
Dimensions 32 cm.
500 ## - GENERAL NOTE
General note Cover title.
505 0# - FORMATTED CONTENTS NOTE
Formatted contents note djil. 1. Barkas notulen.--djil. 2. Bahan-bahan indoktrinasi & upgrading.
650 #0 - SUBJECT ADDED ENTRY--TOPICAL TERM
Topical term or geographic name entry element Publishers and publishing
Geographic subdivision Indonesia
Form subdivision Congresses.
710 2# - ADDED ENTRY--CORPORATE NAME
Corporate name or jurisdiction name as entry element Ikatan Penerbit Indonesia.

No items available.

Powered by Koha